Business communication (Record no. 291850)
[ view plain ]
| 000 -LEADER | |
|---|---|
| fixed length control field | 00473nam a2200205Ia 4500 |
| 003 - CONTROL NUMBER IDENTIFIER | |
| control field | OSt |
| 005 - DATE AND TIME OF LATEST TRANSACTION | |
| control field | 20240926103602.0 |
| 008 - FIXED-LENGTH DATA ELEMENTS--GENERAL INFORMATION | |
| fixed length control field | 240126s9999 xx 000 0 und d |
| 020 ## - INTERNATIONAL STANDARD BOOK NUMBER | |
| International Standard Book Number | 9789350971413 |
| 040 ## - CATALOGING SOURCE | |
| Transcribing agency | 0 |
| 041 ## - LANGUAGE CODE | |
| Language code of text/sound track or separate title | English |
| 082 ## - DEWEY DECIMAL CLASSIFICATION NUMBER | |
| Classification number | 651.4 RAI;1 R |
| 100 ## - MAIN ENTRY--PERSONAL NAME | |
| Personal name | Rai, Urmila. Rai, S M. |
| 245 #0 - TITLE STATEMENT | |
| Title | Business communication |
| 250 ## - EDITION STATEMENT | |
| Edition statement | 9th rev ed. |
| 260 ## - PUBLICATION, DISTRIBUTION, ETC. | |
| Name of publisher, distributor, etc. | Himalaya Pub House |
| Place of publication, distribution, etc. | Mumbai |
| 300 ## - PHYSICAL DESCRIPTION | |
| Extent | 426 |
| 440 ## - SERIES STATEMENT/ADDED ENTRY--TITLE | |
| Title | NULL |
| 942 ## - ADDED ENTRY ELEMENTS (KOHA) | |
| Koha item type | Law Books |
| Source of classification or shelving scheme | Dewey Decimal Classification |
| Date last seen | Total checkouts | Total renewals | Full call number | Accession number | Volume/Issue Number | Date last checked out | Cost, total (INR) price | Price effective from | Category | Lost status | Source of classification or shelving scheme | Damaged status | Department | Withdrawn status | Home library | Current library | Shelving location | Entry date | Vendor | Cost, normal purchase price | Grants | Billnumber | Currency symbol | Conversion rate | Discount |
|---|---|---|---|---|---|---|---|---|---|---|---|---|---|---|---|---|---|---|---|---|---|---|---|---|---|
| 29/01/2026 | 5 | 1 | 651.4 RAI;1 R | LL2334 | (11/07/1905) | 27/01/2026 | 340.00 | 26/01/2024 | Law Books | Dewey Decimal Classification | LAW | Law Library | Law Library | 31/03/2021 | MPP House | 425.00 | Law | 1607 | RS | 1 | 20 | ||||
| 29/01/2026 | 4 | 3 | 651.4 RAI;2 R1 | LL2335 | (11/07/1905) | 29/01/2026 | 340.00 | 26/01/2024 | Law Books | Dewey Decimal Classification | LAW | Law Library | Law Library | 31/03/2021 | MPP House | 425.00 | Law | 1607 | RS | 1 | 20 | ||||
| 29/01/2026 | 4 | 5 | 651.4 RAI;3 | LL2336 | (11/07/1905) | 29/01/2026 | 340.00 | 26/01/2024 | Law Books | Dewey Decimal Classification | LAW | Law Library | Law Library | 31/03/2021 | MPP House | 425.00 | Law | 1607 | RS | 1 | 20 | ||||
| 29/01/2026 | 5 | 651.4 RAI;4 | LL2337 | (11/07/1905) | 23/01/2026 | 340.00 | 26/01/2024 | Law Books | Dewey Decimal Classification | LAW | Law Library | Law Library | 31/03/2021 | MPP House | 425.00 | Law | 1607 | RS | 1 | 20 | |||||
| 29/01/2026 | 4 | 1 | 651.4 RAI;5 | LL2338 | (11/07/1905) | 27/01/2026 | 340.00 | 26/01/2024 | Law Books | Dewey Decimal Classification | LAW | Law Library | Law Library | 31/03/2021 | MPP House | 425.00 | Law | 1607 | RS | 1 | 20 | ||||
| 26/01/2024 | 651.4 RAI;6 | LL2339 | (11/07/1905) | 340.00 | 26/01/2024 | Law Books | Dewey Decimal Classification | LAW | Law Library | Law Library | 31/03/2021 | MPP House | 425.00 | Law | 1607 | RS | 1 | 20 | |||||||
| 29/01/2026 | 4 | 651.4 RAI;7 | LL2340 | (11/07/1905) | 29/01/2026 | 340.00 | 26/01/2024 | Law Books | Dewey Decimal Classification | LAW | Law Library | Law Library | 31/03/2021 | MPP House | 425.00 | Law | 1607 | RS | 1 | 20 | |||||
| 27/05/2026 | 3 | 7 | 651.4 RAI;8 | LL2341 | (11/07/1905) | 05/01/2026 | 340.00 | 26/01/2024 | Law Books | Dewey Decimal Classification | LAW | Law Library | Law Library | 31/03/2021 | MPP House | 425.00 | Law | 1607 | RS | 1 | 20 |
